Najwięcej występów w Pucharze Świata w skokach narciarskich - Statystyki

Ogólne statystyki
  • Ten quiz został rozwiązany 278 razy
  • Średni wynik to 14 z 20
Statystyki odpowiedzi
Miejsce Imię i nazwisko Kraj Liczba występów % Poprawnych
9 Adam Małysz Polska 349
100%
3 Kamil Stoch Polska 438
100%
5 Piotr Żyła Polska 368
96%
2 Simon Ammann Szwajcaria 502
95%
1 Noriaki Kasai Japonia 576
94%
16 Dawid Kubacki Polska 308
92%
4 Janne Ahonen Finlandia 412
90%
18 Stefan Kraft Austria 297
89%
10 Peter Prevc Słowenia 341
87%
13 Roman Koudelka Czechy 326
78%
6 Jakub Janda Czechy 361
75%
10 Daiki Itō Japonia 341
61%
15 Andreas Kofler Austria 309
48%
14 Robert Kranjec Słowenia 325
48%
20 Martin Schmitt Niemcy 292
44%
12 Manuel Fettner Austria 339
43%
19 Michael Hayböck Austria 294
39%
7 Wolfgang Loitzl Austria 356
36%
8 Roar Ljøkelsøy Norwegia 350
20%
17 Martin Höllwarth Austria 307
19%
Nie znaleziono quizów pasujących do podanych kryteriów
Rozkład punktacji
Procent ludzi z każdym wynikiem
Percentyl według liczby udzielonych odpowiedzi
Twoja historia wyników
Nie rozwiązałeś tego quizu